| 000 | 00320 a2200133 4500 | ||
|---|---|---|---|
| 001 | 87447 | ||
| 082 | _aN-3566 | ||
| 090 |
_c41032 _d41032 |
||
| 100 | _aShahid, Dr | ||
| 245 |
_aTheory of automata [cds] _pCAE8 CDs set _bCS402 |
||
| 260 |
_aLahore _b2005 _cVirtual University |
||
| 500 | _aCD/DVD | ||
| 520 | _avideo library | ||
| 942 |
_aCAE NUST _kN-3566 |
||
| 999 |
_c322520 _d322520 |
||